Nigharistan Faris = نگارستان فارس یعنی مشاہیر شعرائے فارسی کے سوانح عمری / (Record no. 134168)
[ view plain ]
| 000 -LEADER | |
|---|---|
| fixed length control field | 00554nam a22001457a 4500 |
| 005 - DATE AND TIME OF LATEST TRANSACTION | |
| control field | 20240524115636.0 |
| 008 - FIXED-LENGTH DATA ELEMENTS--GENERAL INFORMATION | |
| fixed length control field | 240524b ||||| |||| 00| 0 eng d |
| 040 ## - CATALOGING SOURCE | |
| Transcribing agency | PK-LaUMT |
| 082 ## - DEWEY DECIMAL CLASSIFICATION NUMBER | |
| Classification number | APC 297.4092 |
| Item number | HUS-N |
| 100 ## - MAIN ENTRY--PERSONAL NAME | |
| Personal name | Hussain Azad, Muhammad = حسین آزاد، محمد |
| 245 ## - TITLE STATEMENT | |
| Title | Nigharistan Faris = نگارستان فارس یعنی مشاہیر شعرائے فارسی کے سوانح عمری / |
| Statement of responsibility, etc | by Muhammad Hussain Azad = محمد حسین آزاد |
| 260 ## - PUBLICATION, DISTRIBUTION, ETC. (IMPRINT) | |
| Place of publication, distribution, etc | Lahore : |
| Name of publisher, distributor, etc | Maqbool Academy, |
| Date of publication, distribution, etc | 1988 |
| 300 ## - PHYSICAL DESCRIPTION | |
| Extent | 236 p. |
| 942 ## - ADDED ENTRY ELEMENTS (KOHA) | |
| Koha item type | Books |
| Withdrawn status | Lost status | Damaged status | Home library | Current library | Date acquired | Full call number | Barcode | Date last seen | Price effective from | Koha item type |
|---|---|---|---|---|---|---|---|---|---|---|
| UMT Main Campus | UMT Main Campus | 2024-05-24 | APC 297.4092 HUS-N | 146736 | 2024-05-24 | 2024-05-24 | Books |
